000
00265nam a2200109Ia 4500
008
190911s9999||||xx |||||||||||||| ||und||
100
_a
Dr Inayatullah
245
0
_a
State and Democracy in Pakistan
260
_a
Lahore
_b
Royal Book
_c
1997
300
_a
438
942
_c
BK
999
_c
6882
_d
6882